Cambios constitucionales en materia indígena en la península de Yucatán : (Record no. 168794)

MARC details
000 -CABECERA
campo de control de longitud fija 00823nab a2200229 a 4500
005 - FECHA Y HORA DE LA ÚLTIMA TRANSACCIÓN
campo de control 20260213143334.0
008 - ELEMENTOS DE LONGITUD FIJA--INFORMACIÓN GENERAL
campo de control de longitud fija 991125c2013 mx fr p 000 spa d
003 - IDENTIFICADOR DEL NÚMERO DE CONTROL
campo de control
035 ## - NÚMERO DE CONTROL DEL SISTEMA
Número de control de sistema UPN01000196693
040 ## - FUENTE DE LA CATALOGACIÓN
Centro catalogador/agencia de origen MX-MxUPN
Lengua de catalogación spa
Centro/agencia transcriptor MX-MxUPN
Normas de descripción aacr
100 1# - ASIENTO PRINCIPAL--NOMBRE PERSONAL
Nombre de persona Buenrostro Alba, Manuel
245 ## - MENCIÓN DE TÍTULO
Título Cambios constitucionales en materia indígena en la península de Yucatán :
Resto del título el caso de los jueces tradicionales mayas de Quintana Roo. Balance, logros y retos
530 0# - NOTA DE FORMATO FÍSICO ADICIONAL DISPONIBLE
Nota de formato físico adicional disponible Disponible también en formato electrónica
653 0# - TERMINO DE INDIZACION - NO CONTROLADO
Término no controlado Justicia indígena
653 0# - TERMINO DE INDIZACION - NO CONTROLADO
Término no controlado Mayas
653 0# - TERMINO DE INDIZACION - NO CONTROLADO
Término no controlado Derechos indígenas
773 ## - ENLACE AL DOCUMENTO FUENTE/ENTRADA DE REGISTRO ANFITRIÓN
Parte(s) relacionada(s) Vol. 26, no. 78 (2013), p. 63-86
Título Nueva Antropología
Número Internacional Normalizado para Publicaciones Seriadas 0185-0636
856 4# - LOCALIZACIÓN Y ACCESO ELECTRÓNICOS
Identificador Uniforme del Recurso <a href="https://dialnet.unirioja.es/ejemplar/412840">https://dialnet.unirioja.es/ejemplar/412840</a>
902 ## - ELEMENTOS DE DATOS B LOCAL, LDB (RLIN)
Creó Leonor Sotres/130226
905 ## - TIPO DE MATERIAL
Tipo de material Articulo
942 ## - ELEMENTOS DE PUNTO DE ACCESO ADICIONAL (KOHA)
Tipo de ítem Koha Artículo Impreso
Holdings
Estado de retiro Estado de pérdida Estado dañado No para préstamo Código de colección Localización permanente Ubicación/localización actual Ubicación en estantería Fecha de adquisición Total de préstamos Fecha visto por última vez Identificador Uniforme del Recurso Precio válido a partir de Tipo de ítem Koha
      Disponible (Préstamo en sala) Revistas Bib. Gregorio Torres Quintero Bib. Gregorio Torres Quintero Hemeroteca Sótano 13/02/2026   13/02/2026 https://dialnet.unirioja.es/ejemplar/412840 13/02/2026 Artículo Impreso